[Event "USA-ch"]
[Site "Saint Louis"]
[Date "2017.03.29"]
[Round "1"]
[White "So, Wesley"]
[Black "Shabalov, Alexander"]
[Result "1-0"]
[WhiteElo "2822"]
[BlackElo "2556"]
[Annotator "Yermolinsky,A"]
[PlyCount "57"]
[EventDate "2017.03.29"]
[EventType "tourn"]
[EventRounds "11"]
[EventCountry "USA"]
[EventCategory "18"]
[SourceTitle "CBM 178"]
[Source "ChessBase"]
[SourceDate "2017.05.14"]
[SourceVersion "1"]
[SourceVersionDate "2017.05.14"]
[SourceQuality "1"]

{Shabalov is the lowest seed in the field, but he earned the right to be there
by virtue of winning yet another U.S. Open in 2016. King of the Opens he
certainly is, Shabba is turning 50 this year, and it's getting harder and
harder for him to compete with the young stars of today. The recipe for
success remains the same - ultra-sharp attacking play. Question is, how to get
it?} 1. c4 c6 2. Nf3 d5 3. e3 {This means Shabba won't get to play the
Botvinnik Variation tonight.} Nf6 4. d4 Bg4 5. h3 Bf5 {A rare move, but often
it leads to the same thing as} (5... Bh5 6. Nc3 e6 7. g4 {I'm not expert
enough to discern the difference.}) 6. Nc3 e6 7. g4 Bg6 8. Ne5 Nbd7 9. Nxg6
hxg6 10. g5 $5 {The most resolute.} ({The other popular move,} 10. a3 {allows
Black to play his pawn forward,} g5 {which maintains his knight on f6. The
recent game Andreikin-Aronian, Tata Steel 2017, went in White's favour after}
11. Bd2 g6 12. Qf3 a6 13. Bd3 dxc4 {I'd blame this surrendering of the centre
for all the bad things that happened to Levon in that game.} (13... Bg7 14.
O-O-O Nb6 {looks more reliable.}) 14. Bxc4 b5 15. Bf1 c5 16. Bg2 Ra7 17. O-O
Qb8 18. Rfd1 Be7 19. b4 $5 cxb4 20. axb4 Nb6 21. e4 {etc.}) 10... Ng8 11. h4
Ne7 12. Bd2 Nf5 {OK, the knight has circled around to a nice square, and e3-e4
is now discouraged by the underprotected d4-pawn.} 13. Qg4 a6 ({I like} 13...
Nb6 14. c5 Nd7 15. b4 b6 {White is not developed enough to contest the newly
opening files on the queenside, and, besides, his queen is AWOL.}) 14. O-O-O
dxc4 {Once again, this plan. In many ways I understand why Shabalov chose it:
true to his style he sought active play. The problem is, this typical Meran
plan is supposed to liberate Bc8, which happened not to be there anymore.} ({
The Chebanenko inspired} 14... b5 15. c5 {leaves Black really short of elbow
room, as} e5 {accomplishes nothing but inviting White to play} 16. h5) 15. Bxc4
c5 (15... b5 16. Be2 c5 17. d5 {Black's light squares seem totally abandoned.})
16. dxc5 {One of Wesley's great assets is his lack of fear of simplifications.
He's confident he can overcome his opponents resistance in symmetrical
structures, and he always does!} (16. d5 Ne5 17. Qe4 Nxc4 18. Qxc4 b5 19. Qe4
Nd6 20. Qc2 Qd7 {is tenable.}) 16... Bxc5 (16... Nxc5 17. Kb1 Qc7 {seems more
harmonious, but, still, what's next?} 18. Be2 O-O-O 19. e4 Nd4 {gets busted by}
20. Nd5 $1) 17. Be2 Be7 18. Kb1 Qb6 $6 {This only helps White to unroll.} ({
On the other hand,} 18... O-O 19. h5 {is suicidal.}) 19. Na4 Qc7 20. Rc1 Qd6
21. Ba5 $1 Ne5 22. Qe4 Nc6 23. Rhd1 {Forceful and strong. White couldn't care
less about the h4-pawn.} Rxh4 24. f4 Qb8 (24... Nxa5 {was worth trying if only
because of the cute trap} 25. Rxd6 Nxd6 26. Qd4 Nc6 27. Qxg7 $2 ({White should
win after} 27. Qb6) 27... Ne4 {and the queen is very short of squares.}) 25.
Nb6 {This is it.} Nd6 26. Qa4 Ra7 27. Bf3 Nb5 28. Qc2 Qc7 29. Rd7 {Judging by
this smooth effort Wesley So is not planning to slow down any time soon.} 1-0

[Event "USA-ch"]
[Site "Saint Louis"]
[Date "2017.04.01"]
[Round "4"]
[White "So, Wesley"]
[Black "Onischuk, Alexander"]
[Result "1-0"]
[WhiteElo "2822"]
[BlackElo "2667"]
[Annotator "Moradiabadi,E"]
[PlyCount "89"]
[EventDate "2017.03.29"]
[EventType "tourn"]
[EventRounds "11"]
[EventCountry "USA"]
[EventCategory "18"]
[SourceTitle "CBM 178"]
[Source "ChessBase"]
[SourceDate "2017.05.14"]
[SourceVersion "1"]
[SourceVersionDate "2017.05.14"]
[SourceQuality "1"]

{In the only decisive game of the day, Wesley So, the world No. 2 faced solid
and 'almost always in shape' Alex Onischuk, who happens to have been my coach
during my time at Texas Tech. In the close battle that ensued, Wesley So posed
problems to Alex Onischuk which the latter did not manage to solve in time
pressure.} 1. Nf3 d5 2. g3 Nf6 3. Bg2 {It is hard to guess what opening Wesley
would choose for each game.} e6 4. O-O Be7 5. c4 O-O 6. b3 {Wesley goes for an
off-beat line instead of playing the main line of the Catalan, which Onischuk
most likely expected.} b6 7. Bb2 Bb7 8. cxd5 (8. e3 {is equally popular but is
also a better known and more probed line.}) 8... Nxd5 {This is one of many
common approaches.} 9. d4 Nd7 10. Re1 $5 {Wesley might have analysed this line
after he beat Anish Giri last June in Paris!} (10. Nbd2 {is more popular.})
10... c5 11. e4 N5f6 12. Nc3 cxd4 13. Nxd4 Ne5 {So far so good! both players
are following the known theory of this line.} 14. Qe2 Bc5 (14... Qxd4 $2 15.
Nd5 Qc5 16. Rac1 Qd6 17. Nxe7+ Qxe7 18. Bxe5 {leaves White with a pair of
bishops and an ensuing endgame in which Black has no active way to hold.}) 15.
Red1 (15. Ncb5 a6 16. Rad1 axb5 17. Nxe6 Qe7 18. Nxf8 Kxf8 19. Bd4 b4 20. f4
Bxd4+ 21. Rxd4 Qc5 22. Qe3 Nfg4 23. Qd2 Nc6 24. Rd1 Rd8 {0-1 (24) Giri,A (2782)
-So,W (2770) Paris 2016}) 15... Qe7 (15... Bxd4 16. Nb5 Bxb2 (16... Bxf2+ 17.
Qxf2 Qb8 18. Nd6 Nfd7 {looks bad for Black but it is not clear how White can
break Black in this position.}) 17. Rxd8 Bxa1 18. Rd1 $18 {does not work
either.}) 16. Na4 Bxd4 17. Bxd4 Nc6 {Despite White's pair of bishops Black
should be able to hold this position.} 18. Be3 Rfd8 {} 19. Nc3 Qb4 20. Qb2 {
A provocative move by World no. 2. Onischuk could stay still or go for the
battle. What would a principled player do in such situations?} Ng4 $5 {Of
course Onischuk accepts the challenge.} 21. Bf4 Nce5 22. a3 Qc5 (22... Qe7 23.
h3 g5 24. Bxe5 (24. Bd2 Nxf2 {loses}) (24. hxg4 gxf4 {is very bad for White})
24... Nxe5 25. Nb5 f6 {was a better choice in my opinion.}) 23. Na4 Qb5 24. Nc3
Qc5 25. Na4 Qb5 26. h3 {Not a draw for Wesley, yet!} Nd3 27. Rxd3 Rxd3 28. hxg4
{The moment of truth for Onischuk...} Qxb3 $2 {Onischuk had played a very good
game so far but this is a grave mistake.} (28... Rxb3 29. Qd4 Rc8 30. Bf1 Qe8 {
, as both super GM Nakamura and engines suggest, should keep the position
balanced although it might be a matter of taste as to whether one prefers
White or Black in this position.}) 29. Bf1 $1 {The move that Onischuk might
have missed.} Qxb2 (29... Bxe4 30. Bxd3 Qxd3 31. Qc3 Qd5 {may be a
continuation worthy of consideration given the practical aspects of the game.})
30. Nxb2 Rb3 31. Nc4 Rd8 32. Nd6 Ba8 33. g5 $1 {This prevents ...g5. White is
winning and Wesley converts this game into a full point like a machine.
Speaking of technique in chess, one should show this game to every kid who
learns chess.} Rc3 34. a4 Rc5 35. e5 Rd7 36. Be3 Rxe5 37. Rc1 Rd8 38. Rc7 Rd5
39. Nxf7 Rf8 40. g6 hxg6 41. Ng5 Rd1 42. Nxe6 Re8 43. Rxg7+ Kh8 44. Rxg6 Be4
45. Bd4+ 1-0

[Event "USA-ch"]
[Site "Saint Louis"]
[Date "2017.04.02"]
[Round "5"]
[White "Zherebukh, Yaroslav"]
[Black "So, Wesley"]
[Result "1/2-1/2"]
[WhiteElo "2605"]
[BlackElo "2822"]
[PlyCount "61"]
[EventDate "2017.03.29"]
[EventType "tourn"]
[EventRounds "11"]
[EventCountry "USA"]
[EventCategory "18"]
[SourceTitle "CBM 178"]
[Source "ChessBase"]
[SourceDate "2017.05.14"]
[SourceVersion "1"]
[SourceVersionDate "2017.05.14"]
[SourceQuality "1"]

1. e4 e6 2. d4 d5 3. Nd2 c5 4. exd5 Qxd5 5. dxc5 Bxc5 6. Ngf3 Nf6 7. Bc4 Qc6 8.
O-O Nbd7 9. Qe2 a6 10. a4 b6 11. Nb3 Bb7 12. Nxc5 Nxc5 13. b4 Ncd7 14. Rd1 O-O
15. b5 Qc8 16. Nd4 Nc5 17. bxa6 Bxa6 18. Nb5 Bxb5 19. Bxb5 Nce4 20. Bb2 Nc3 21.
Bxc3 Qxc3 22. Rab1 Rac8 23. Bd3 Qc6 24. Qe1 Ra8 25. Rb4 Qc7 26. Rc4 Qa7 27. Rb1
Rfc8 28. Rcb4 Nd5 29. Rh4 h6 30. Qe4 Nf6 31. Qe3 1/2-1/2

[Event "USA-ch"]
[Site "Saint Louis"]
[Date "2017.04.05"]
[Round "7"]
[White "Robson, Ray"]
[Black "So, Wesley"]
[Result "1/2-1/2"]
[WhiteElo "2668"]
[BlackElo "2822"]
[PlyCount "108"]
[EventDate "2017.03.29"]
[EventType "tourn"]
[EventRounds "11"]
[EventCountry "USA"]
[EventCategory "18"]
[SourceTitle "CBM 178"]
[Source "ChessBase"]
[SourceDate "2017.05.14"]
[SourceVersion "1"]
[SourceVersionDate "2017.05.14"]
[SourceQuality "1"]

1. Nf3 d5 2. g3 Nf6 3. Bg2 e6 4. O-O Be7 5. b3 O-O 6. Bb2 c5 7. c4 Nc6 8. e3 d4
9. exd4 cxd4 10. Re1 Re8 11. d3 Bc5 12. Ba3 Nd7 13. Nfd2 Nb4 14. Ne4 a5 15. f4
Be7 16. Bb2 Nc6 17. a3 b6 18. Nd6 Bxd6 19. Bxc6 Ra7 20. Bxd4 e5 21. fxe5 Nxe5
22. Bxe5 Rxe5 23. Rxe5 Bxe5 24. Ra2 Re7 25. Kg2 Qd6 26. Bf3 Qe6 27. Re2 Qh3+
28. Kg1 h5 29. Qe1 Qf5 30. Nd2 Qxd3 31. Kh1 Qf5 32. Bd5 Qf6 33. Nf3 Bg4 34. Kg2
g6 35. Re3 Bd6 36. Rxe7 Bxf3+ 37. Bxf3 Bxe7 38. a4 Kg7 39. Bd5 Bc5 40. h4 Qb2+
41. Kh3 Bd4 42. Qf1 f6 43. Qe1 Be5 44. Qe3 Qb1 45. Kg2 Qc2+ 46. Kh3 Qf5+ 47.
Kg2 Qg4 48. Qf2 Qd1 49. Qe3 Qb1 50. Bf3 Qc2+ 51. Kh3 Qf5+ 52. Kg2 Qc2+ 53. Kh3
Qf5+ 54. Kg2 Qc2+ 1/2-1/2

[Event "USA-ch"]
[Site "Saint Louis"]
[Date "2017.04.06"]
[Round "8"]
[White "So, Wesley"]
[Black "Nakamura, Hikaru"]
[Result "1/2-1/2"]
[WhiteElo "2822"]
[BlackElo "2793"]
[Annotator "Moradiabadi,E"]
[PlyCount "60"]
[EventDate "2017.03.29"]
[EventType "tourn"]
[EventRounds "11"]
[EventCountry "USA"]
[EventCategory "18"]
[SourceTitle "CBM 178"]
[Source "ChessBase"]
[SourceDate "2017.05.14"]
[SourceVersion "1"]
[SourceVersionDate "2017.05.14"]
[SourceQuality "1"]

{The game between the two giants ended peacefully without much of a fight.} 1.
d4 {It is hard to predict Wesley So's first move.} Nf6 2. c4 e6 3. Nf3 d5 4. g3
{Wesley might have good memories from the Catalan against Naka. He won a
beautiful technical game against the latter in a trimuphant performance at
last year's Sinquefield Cup!} Bb4+ {This time Naka opts for one of the two
closed versions of the Catalan.} (4... Be7 5. Bg2 O-O 6. O-O dxc4 7. Ne5 Nc6 8.
Nxc6 bxc6 9. Na3 Bxa3 10. bxa3 Ba6 11. Qd2 Rb8 12. Qa5 Qc8 13. a4 Rd8 14. Ba3
Rxd4 15. Rfb1 Rb6 16. Bc5 Rd7 17. Rd1 h6 18. Rxd7 Nxd7 19. Bxb6 cxb6 20. Qd2 c5
21. Rd1 Nf6 22. Kf1 Kh7 23. Qc2+ Kg8 24. Qd2 Kh7 25. Qd8 Qxd8 26. Rxd8 c3 27.
Ke1 Bc4 28. Kd1 Bxa2 29. Kc2 Bc4 30. e3 b5 31. Kxc3 a6 32. Ra8 Nd5+ 33. Bxd5
exd5 34. a5 b4+ 35. Kd2 Bf1 36. Rc8 c4 37. Rb8 b3 38. Kc3 {1-0 (38) So,W (2771)
-Nakamura,H (2791) Saint Louis 2016}) 5. Bd2 Be7 6. Bg2 O-O 7. O-O Nbd7 8. Qc2
Ne4 $5 {This might have caught Wesley by surprise. This is a less tested but
good enough choice.} 9. Bf4 c6 10. Nc3 g5 $5 {Nakamura shows some ambition by
playing it like Carlsen.} 11. Bc1 (11. Be3 Nd6 12. b3 Nf5 13. g4 Nxe3 14. fxe3
b5 $5 15. e4 b4 16. exd5 bxc3 17. dxc6 Nb8 $5 {led to a close battle between
Eljanov and Carlsen in which the Norwegian outplayed his ambitious opponent}
18. Qe4 f5 19. gxf5 exf5 20. Qd5+ Qxd5 21. cxd5 Na6 22. Rac1 Nc7 23. Ne5 f4 24.
Nc4 Rd8 25. Rxc3 Nxd5 26. c7 Nxc7 27. Bxa8 Nxa8 28. e3 Bb4 29. Rc2 Bb7 30. h4
Be4 31. Rh2 Nb6 32. Ne5 fxe3 33. hxg5 Rxd4 34. Ng4 Nd5 {0-1 (34) Eljanov,P 
(2760)-Carlsen, M (2844) Wijk aan Zee 2016}) 11... f5 {Yours truly had some
pleasant experience in this line. I won an important game against GM Denes
Boros to finish clear first in the Washington International last year!} 12. b3
{This is a better move than what I played.} (12. Rb1 Bf6 13. e3 b6 $6 (13...
Qe7 14. b4 Nb6 15. Nxe4 fxe4 16. Nd2 Bd7 17. c5 Nc8 18. f3 exf3 19. Nxf3 Be8
20. e4 Bg6 21. Ne5 Qg7 22. Be3 Ne7 23. Nxg6 Qxg6 24. Rf2 Bg7 25. Rbf1 a6 26. a4
g4 27. Rxf8+ Rxf8 28. Rxf8+ Bxf8 29. b5 axb5 30. axb5 Bh6 31. Bf2 cxb5 32. Qb1
Kf7 33. Kh1 b4 34. Bg1 Bd2 35. Qf1+ Qf6 36. Qb5 Bc3 37. exd5 exd5 38. Qxb7 Bxd4
39. Qxb4 Bxg1 40. Kxg1 h5 {1/2-1/2 (40) Rozum,I (2581)-Oparin,G (2597)
Vladivostok 2016}) 14. b4 g4 15. Nxe4 dxe4 16. Nd2 Bb7 17. Nxe4 fxe4 18. Qxe4
Qe7 19. b5 Rac8 20. Ba3 Qxa3 21. Qxe6+ Kh8 22. bxc6 Bxc6 23. Bxc6 Nb8 24. Bd5
Na6 25. Qxg4 Qe7 26. a3 Rcd8 27. Qe4 Qg7 28. Qc2 Qd7 29. Be4 Qe7 30. Bg2 Rc8
31. Qa4 Nb8 32. Rbc1 Rc7 33. Rc2 Nd7 34. Rd1 Rd8 35. Rcc1 Nf8 36. Qb3 h5 37. a4
Ne6 38. a5 Qd6 39. axb6 axb6 40. Rb1 Qe7 41. Qxb6 Rxc4 42. Qb5 Rc7 43. Qxh5+
Kg7 44. Rb5 Ng5 45. h4 Nf7 46. Rb6 Rd6 47. Rxd6 Nxd6 48. e4 {1-0 (48)
Moradiabadi,E (2595)-Boros,D (2441) Rockville 2016}) 12... b6 13. Bb2 Bb7 14.
Rad1 Qe8 {Was played after a long think. Nakamura decides to stay solid and
see what Wesley has up his sleeve.} 15. Nd2 Nd6 16. Ba3 Rc8 {} 17. Rfe1 Nf7
18. Qb2 Nf6 19. Bxe7 Qxe7 {The position is even. The players played cautiously
until move 30 and then they agreed on a draw.} 20. b4 Rfd8 21. e3 g4 {} 22.
cxd5 cxd5 23. b5 Rc7 (23... h5 24. Ne2 h4 25. Nf4 h3 26. Bf1 Ne4 {is equal as
well.}) 24. Rc1 Rdc8 25. Ne2 Nd6 26. Rxc7 Rxc7 27. Rc1 Rxc1+ 28. Nxc1 Nfe4 29.
Bxe4 dxe4 30. Ne2 Bd5 {The position is locked and neither side can improve.
Nakamura wanted to try something but Wesley kept things smooth and things
fizzled out soon into a draw.} 1/2-1/2

[Event "USA-ch playoff"]
[Site "Saint Louis"]
[Date "2017.04.10"]
[Round "1"]
[White "So, Wesley"]
[Black "Onischuk, Alexander"]
[Result "1-0"]
[WhiteElo "2822"]
[BlackElo "2667"]
[PlyCount "61"]
[EventDate "2017.04.10"]
[EventType "match (rapid)"]
[EventRounds "2"]
[EventCountry "USA"]
[SourceTitle "CBM 178"]
[Source "ChessBase"]
[SourceDate "2017.05.14"]
[SourceVersion "1"]
[SourceVersionDate "2017.05.14"]
[SourceQuality "1"]

1. c4 e6 2. Nc3 Nf6 3. e4 d5 4. cxd5 exd5 5. e5 Ne4 6. Nf3 Bf5 7. Be2 Be7 8.
O-O O-O 9. Qb3 Nc6 10. Nxd5 Bc5 11. Ne3 Bg6 12. Qxb7 Nd4 13. Nxd4 Bxd4 14. d3
Nc5 15. Qb5 Rb8 16. Qc4 Ne6 17. f4 Bxb2 18. Rb1 Qd4 19. Rxb2 Rxb2 20. Bg4 Rb4
21. Qxd4 Rxd4 22. f5 Nf4 23. Nc2 Ra4 24. Bxf4 h5 25. Bd1 Bh7 26. Ne3 Rxa2 27.
e6 fxe6 28. Bb3 Re2 29. fxe6 Re8 30. e7+ Kh8 31. Bg5 1-0

[Event "USA-ch playoff"]
[Site "Saint Louis"]
[Date "2017.04.10"]
[Round "2"]
[White "Onischuk, Alexander"]
[Black "So, Wesley"]
[Result "1/2-1/2"]
[WhiteElo "2667"]
[BlackElo "2822"]
[PlyCount "128"]
[EventDate "2017.04.10"]
[EventType "match (rapid)"]
[EventRounds "2"]
[EventCountry "USA"]
[SourceTitle "CBM 178"]
[Source "ChessBase"]
[SourceDate "2017.05.14"]
[SourceVersion "1"]
[SourceVersionDate "2017.05.14"]
[SourceQuality "1"]

1. Nf3 d5 2. g3 c6 3. Bg2 Bg4 4. O-O Nd7 5. d3 Ngf6 6. h3 Bh5 7. Nbd2 e5 8. e4
Be7 9. Qe1 O-O 10. Nh4 Re8 11. Ndf3 dxe4 12. dxe4 Nc5 13. g4 Bg6 14. Nxg6 hxg6
15. Nxe5 Bd6 16. Nc4 Ncxe4 17. Nxd6 Qxd6 18. Qd1 Qc5 19. Be3 Qa5 20. c4 Rad8
21. Qc2 Nc5 22. Rfd1 Ne6 23. Qc3 Qc7 24. Qa3 b6 25. b4 g5 26. Qa4 c5 27. bxc5
Nxc5 28. Qc2 Ne6 29. a4 Nf4 30. Bf1 Rxd1 31. Rxd1 Ne4 32. a5 Nc5 33. axb6 axb6
34. Qf5 f6 35. h4 Re5 36. Bxf4 gxf4 37. Qxf4 Qe7 38. Bg2 Re1+ 39. Rxe1 Qxe1+
40. Kh2 Qe7 41. Qb8+ Kh7 42. Qxb6 Qe5+ 43. Kg1 Qd4 44. Qb1+ Nd3 45. Qc2 Kh8 46.
Qe2 Ne5 47. Bd5 g5 48. h5 Kg7 49. Kg2 Kh6 50. Kg3 Qf4+ 51. Kh3 Qd4 52. Kg3 Qf4+
53. Kg2 Qd4 54. Be6 Nd3 55. Kg1 Nf4 56. Qc2 Qa1+ 57. Kh2 Qe5 58. Bg8 Nxh5+ 59.
Kg2 Nf4+ 60. Kf3 Ng6 61. Qe4 Nh4+ 62. Ke3 Ng2+ 63. Kf3 Ne1+ 64. Ke3 Nc2+
1/2-1/2